Score 0/21 Timer 10:00
0 Plays Today
Puishments Joker % Correct
Haunted Corn MazeS
99.8%
Exposing Interview With His Childhood CrushM
99.3%
Captain Fat BellyJ
99.3%
Sumo Wrestling MayhemJ
99%
Wheel Of Piercing M
99%
Human PinataM
99%
Bingo S
98.8%
Finding His Keys In Some PooS
98.8%
Labor PainsQ
98.5%
Wrestling An Alligator To Get His BackpackQ
98.5%
SkydrivingM
98.5%
Puishments Joker % Correct
Public Speaking On AnestheticM
98.5%
Taking A Polygraph In Front Of The Whole School.M
98.5%
The Wedding CrashS
98.3%
Giving His Parents A Talk About The Birds And The BeesQ
98.3%
The Great Nose-iniJ
98.3%
Bathroom Of HorrorsS
98.3%
Putting Someone's Toe In Their MouthsJ
98%
Impractical Jokers Smash His TVM
97.8%
Artistic VisionM
97.1%
The Love ExpertJ
96.6%
Remove Ads.
Support Sporcle.
Get the best of Sporcle when you Go Orange. This ad-free experience offers more features, more stats, and more fun while also helping to support Sporcle. Thank you for becoming a member.

You're not logged in!

Compare scores with friends on all Sporcle quizzes.
OR
Log In

Show Comments

Extras

Top Quizzes Today


Score Distribution

Your Account Isn't Verified!

In order to create a playlist on Sporcle, you need to verify the email address you used during registration. Go to your Sporcle Settings to finish the process.

Report this User

Report this user for behavior that violates our Community Guidelines.

Details: